000 00703nam a2200289Ia 4500
005 20260324120703.0
008 008 260324s9999 xx 000 0 eng d
020 _a9780203781456
037 _aEBOOK
040 _aCRL
040 _beng
040 _cCRL
041 _2eng
041 _aeng
084 _qCRL
100 _aEmma S. Norman
_91159563
245 0 _aGoverning Transboundary Waters
245 0 _bCanada, the United States, and Indigenous Communities
260 _bTaylor and Francis
260 _c2014
365 _a
365 _b240
856 _uhttp://www.taylorfrancis.com/books/9780203781456
942 _cEBOOK
999 _c1751227
_d1751227